| 000 | 01054nam a22003017a 4500 | ||
|---|---|---|---|
| 001 | 9785 | ||
| 003 | FISKH | ||
| 005 | 20260224111358.0 | ||
| 008 | 260224b cb ||||| |||| 00| 0 eng d | ||
| 020 | _a9780439893343 | ||
| 040 |
_aFISKH _beng _cFISKH _dFISKH |
||
| 050 | _a PZ7 .K315 .B | ||
| 082 | _a813.6 | ||
| 100 | _aKenah , Katharine | ||
| 245 |
_aThe best seat in second grade / _cby Katharine Kenah : pictures by Abby Carter |
||
| 250 | _aFirst Scholastic printing , September 2006 | ||
| 260 |
_aNew York : _bScholastic , _c2005 . |
||
| 300 |
_a48 pages : _bcolor illustrations ; _c21 cm . |
||
| 505 | _aK | ||
| 520 | _aSam's favorite thing about second grade is the class pet, a hamster named George Washington, so when the class goes on a field trip to a science museum, Sam cannot resist bringing George along. | ||
| 521 | 8 |
_a520
_bLexile |
|
| 521 | 8 |
_aK
_bRaz-Plus |
|
| 650 |
_aHamsters _vFiction |
||
| 650 |
_aSchool _vFiction |
||
| 700 |
_aCarter , Abby _eIllustrator |
||
| 942 |
_2ddc _cBK _n0 |
||
| 999 |
_c9785 _d9785 |
||